000
00260nam a22001097a 4500
082
_a
780 MIL'O
100
_a
MILLER, HUGH MITON
_9
57714
245
_a
AN OUTLINE HISTORY OF MUSIC
260
_a
NEWYORK
_b
BARNES & NOBLE
_c
1947
300
_a
254P
942
_c
BK
_2
ddc
999
_c
567983
_d
567983